00823nam a2200253 a 4500001000900000005001700009008004100026020001500067050002100082100003100103245004900134260002700183300003100210500004300241504002800284650004900312650002600361650001800387653002000405653001800425942001100443999001300454952010200467BRCA_76020190320203134.0990406s1998 mx-a---##b---#001-0#spa-d a970663021X 4aTX817b.B46 19981 aBenítez, Ana M. de9252210aDel cacao al chocolatecAna M. de Benítez. aMéxicobClíoc1998 a93 p.bil. a colorc27 cm. aIncluye índice de recetas y glosario aBibliografía: p. [95]14aChocolate (Cocina)xHistoriazMéxico9252314aCacaoxHistoria9252414aPostres925250 aCocina mexicana0 aGastronomía 2lcccB c659d659 00104070aBRCAbBRCAd2008-06-26l0oTX817 .B46 1998p01166r2019-03-22 00:00:00w2019-03-22yB